00992 2200325 4500001002100000005001500021035002000036007000300056008004100059020002200100040002200122082001800144084001800162090002200180090002200202245013700224250002600361300002500387650004000412700001900452850001200471041000800483504002900491710001700520264003300537336002100570337003000591338002300621990002200644INLIS00000000084723820190514011026 a0010-0519000573ta190514s2018 yoi g ind d a978-602-407-450-0 aYOPDYOGbinderda04223a342.08772 a342.08772 HIM aDEP 342.08772 HIM aCB-D.11 2018-220900aHimpunan peraturan perundang-undangan republik Indonesia :bundang-undang perlindungan anak /cpenulis, Tim Penyusun; editor, Damaya aCetakan pertama, 2018 a188 halaman ;c20 cm 4aAnak--xUndang-undang dan peraturan0 aDamayaeeditor aYOPDYOG0 aind aBibliografi: halaman 1882 aTim Penyusun31aYogyakarta :bLaksana,c2018 2rdacontentateks 2rdamediaatanpa perantara 2rdacarrieravolume aCB-D.11/2018-2209